00781nam a22001817a 4500003000900000008004100009040007100050082001800121100002500139245007900164260004300243300002600286505017200312650002900484650002600513650002500539700003500564AR-CdUCM190506b ||||| |||| 00| 0 spa d aMUNICIPALIDAD PROVINCIAL DEL CUSCOcBIBLIOTECA MUNICIPAL DEL CUSCO a344.41 /bP39 aPella, Vespasiano V. aLa criminalidad colectiva de los estados y el derecho penal del porvenir / aMadrid :bImprenta de J. Pueyo,c1931. a591 paginas ;c20 cm. aContenido : Criminalidad colectiva de los estados -- La política criminal internacional -- La solución represiva -- El derecho penal internacional del porvenir... aPolítica internacional aSolución preventiva aLegislación futura aMallo, Jeronimo (Traducción)